| 000 | 00332nam a22001337a 4500 | ||
|---|---|---|---|
| 020 | _a0596100825 | ||
| 082 |
_222 _a005.446 |
||
| 100 | _aHagen, Bill Von and Jones, Brian K. | ||
| 245 | _aLinux server hacks / | ||
| 250 | _a1st. | ||
| 260 |
_aCalfornia, _bO'Reilly, _cc2006. |
||
| 300 |
_axx, 456p. ; _bill. ; _c23 cm. |
||
| 942 |
_2ddc _cIT |
||
| 999 |
_c1858 _d1858 |
||